Itinerario de la pena : (Record no. 45198)
[ view plain ]
| 000 -LEADER | |
|---|---|
| fixed length control field | 00792nam a22001937a 4500 |
| 005 - DATE AND TIME OF LATEST TRANSACTION | |
| control field | 20150622124239.0 |
| 008 - FIXED-LENGTH DATA ELEMENTS--GENERAL INFORMATION | |
| fixed length control field | 131113t mx ||||| |||| 00| 0 spa d |
| 050 04 - LIBRARY OF CONGRESS CALL NUMBER | |
| Classification number | AS63 .A3 |
| Item number | G37 1997 |
| 100 1# - MAIN ENTRY--PERSONAL NAME | |
| Personal name | García Ramírez, Sergio, |
| Dates associated with a name | [1938- ] |
| 245 10 - TITLE STATEMENT | |
| Title | Itinerario de la pena : |
| Remainder of title | discurso de ingreso como miembro titular del Seminario de Cultura / Mexicana (11 de abril de 1997) / |
| Statement of responsibility, etc | Sergio García Ramírez. |
| 250 ## - EDITION STATEMENT | |
| Edition statement | 1a. ed. |
| 260 ## - PUBLICATION, DISTRIBUTION, ETC. (IMPRINT) | |
| Place of publication, distribution, etc | México : |
| Name of publisher, distributor, etc | Seminario de Cultura Mexicana, |
| Date of publication, distribution, etc | 1997. |
| 300 ## - PHYSICAL DESCRIPTION | |
| Extent | 85 p. ; |
| Dimensions | 17 cm. |
| 504 ## - BIBLIOGRAPHY, ETC. NOTE | |
| Bibliography, etc | Incluye índice |
| 610 17 - SUBJECT ADDED ENTRY--CORPORATE NAME | |
| Source of heading or term | LEMB |
| Corporate name or jurisdiction name as entry element | México. |
| Subordinate unit | Seminario de Cultura Mexicana |
| General subdivision | Alocuciones, ensayos y conferencias |
| 700 1# - ADDED ENTRY--PERSONAL NAME | |
| Personal name | Velasco Fernández, Rafael, |
| Relator term | presentación |
| 700 1# - ADDED ENTRY--PERSONAL NAME | |
| Personal name | Huerta Maldonado, Miguel, |
| Relator term | respuesta |
| 942 ## - ADDED ENTRY ELEMENTS (KOHA) | |
| Source of classification or shelving scheme | Biblioteca del Cogreso de los Estados Unidos |
| Koha item type | Libro |
| Estado de pérdida | Fuente de clasificación | Estado del daño | No para préstamo | Ubicación permanente | Ubicación actual | Apartado o colección | Fecha de adquisición | Edición | Dependencia de educación superior (DES) | Área del conocimiento | Clasificación | Código de Barras | Date last seen | Número de copia | Tipo de recurso | Nota pública |
|---|---|---|---|---|---|---|---|---|---|---|---|---|---|---|---|---|
| Biblioteca del Cogreso de los Estados Unidos | Biblioteca del Instituto de Investigaciones Históricas | Biblioteca del Instituto de Investigaciones Históricas | General | 13/11/2013 | 1a. ed. | Humanidades | Educación y Humanidades | AS63 .A3 G37 1997 | IIH000010522 | 13/11/2013 | C:1 | Libro | GENERAL |